000
00263nam a2200121Ia 4500
008
140130s9999 xx 000 0 und d
245
_c
Henkes, Kevin
_a
Wemberly Worried
260
_b
Scholastic,
440
_v
1
521
_a
BR
942
_c
BK
999
_c
39920
_d
39920